Normal view
MARC view
Entry Personal Name
001 - CONTROL NUMBER
- control field: 79656
003 - CONTROL NUMBER IDENTIFIER
- control field: dpl
005 - DATE AND TIME OF LATEST TRANSACTION
- control field: 20250317122158.0
008 - FIXED-LENGTH DATA ELEMENTS
- fixed length control field: 250317|| aca||aabn | a|a d
040 ## - CATALOGING SOURCE
- Original cataloging agency: dpl
- Transcribing agency: dpl
100 ## - HEADING--PERSONAL NAME
- Personal name: Ali, B.Akbar
670 ## - SOURCE DATA FOUND
- Source citation: Work cat.: (dpl)210310: Ali, B.Akbar, Pro Steps of Physical Education/, 2023
